[Event "Challenge"]
[Site "http://www.queenalice.com/game.php?id=1087810"]
[Date "2012.7.28"]
[Round "-"]
[White "plot24"]
[Black "emp_com"]
[Result "1-0"]
[WhiteElo "1719"]
[BlackElo "1598"]

1. d4 Nf6 2. c4 e6 3. Nc3 c6 4. Nf3 Bb4 5. Bd2 d5 6. e3 dxc4 7. Bxc4 h6 8. O-O
b5 9. Bb3 O-O 10. Ne4 Bxd2 11. Nexd2 Ba6 12. Re1 Qd6 13. Ne5 Nbd7 14. Ndf3 Nd5
15. Rc1 c5 16. Nxd7 Qxd7 17. dxc5 Nb4 18. Qxd7 1-0

[Event "My Aberlour needs some Coke"]
[Site "http://www.queenalice.com/game.php?id=1095644"]
[Date "2012.8.22"]
[Round "-"]
[White "emp_com"]
[Black "Scorch"]
[Result "1-0"]
[WhiteElo "1590"]
[BlackElo "1245"]

1. c4 c5 2. Nc3 e6 3. e3 Nc6 4. d4 d6 5. d5 Na5 6. e4 e5 7. Bd2 Nxc4 8. Bxc4 a6
9. Be2 b5 10. f4 f6 11. fxe5 fxe5 12. Nxb5 axb5 13. Bxb5+ Bd7 14. Bxd7+ Qxd7 15.
Nh3 h6 16. O-O Ne7 17. Qf3 O-O-O 18. Qe2 g5 19. Rf7 Qe8 20. Qa6+ Kd7 21. Qb7#
1-0

[Event "you a jerk chicken"]
[Site "http://www.queenalice.com/game.php?id=1099782"]
[Date "2012.9.5"]
[Round "-"]
[White "Scorch"]
[Black "emp_com"]
[Result "0-1"]
[WhiteElo "1243"]
[BlackElo "1592"]

1. h4 d5 2. Rh3 Bxh3 3. gxh3 e5 4. d4 e4 5. e3 Qxh4 6. Qe2 Qg5 7. f3 c6 8. Bg2
Qg3+ 9. Kf1 exf3 10. Bxf3 Nf6 11. c4 Qh4 12. Nc3 Ne4 13. c5 Ng3+ 0-1

[Event "dms please"]
[Site "http://www.queenalice.com/game.php?id=1101305"]
[Date "2012.9.9"]
[Round "-"]
[White "emp_com"]
[Black "Scorch"]
[Result "1-0"]
[WhiteElo "1615"]
[BlackElo "1241"]

1. c4 c5 2. Nc3 e6 3. e4 Nc6 4. Nge2 Bd6 5. d4 Qf6 6. e5 Nxe5 7. Ne4 Qe7 8.
Nxd6+ Qxd6 9. dxe5 Qxe5 10. Qb3 d5 11. Bf4 Qf6 12. Qb5+ Bd7 13. Qxb7 Rc8 14.
cxd5 Ne7 15. dxe6 Qxe6 16. Qxa7 O-O 17. Be3 Nc6 18. Qxc5 f5 19. Nc3 Ne5 20. Qd4
Nc6 21. Qh4 Nb4 22. Qxb4 Rc4 23. Bxc4 g6 24. Bxe6+ Bxe6 25. Rd1 1-0

[Event "Challenge"]
[Site "http://www.queenalice.com/game.php?id=1101325"]
[Date "2012.9.9"]
[Round "-"]
[White "Mr_SPOCK"]
[Black "emp_com"]
[Result "0-1"]
[WhiteElo "1708"]
[BlackElo "1594"]

1. e4 e5 2. Nf3 f6 3. Nc3 c6 4. Bc4 Bc5 5. d3 b5 6. Bb3 a5 7. a4 b4 8. Ne2 d5 9.
exd5 cxd5 10. d4 exd4 11. c4 Ne7 12. Nexd4 Bg4 13. O-O Bxd4 14. Qxd4 Bxf3 15.
gxf3 Nbc6 16. Qh4 O-O 17. Bc2 h6 18. Bxh6 Ne5 19. Bxg7 Nxf3+ 20. Kh1 Nxh4 21.
Rg1 Kf7 22. Bxf8 Qxf8 23. cxd5 Ra7 24. Bb3 Qa8 25. Rg4 Nhf5 26. Kg1 Nd6 27. Rd1
Qc8 28. Rd3 Qxg4+ 29. Rg3 Qf5 30. Kg2 Ra8 31. f3 Rg8 32. Rxg8 Kxg8 33. Kf2 Qd3
34. h4 Qxb3 35. h5 Qxd5 36. h6 Kh7 37. b3 Qxb3 38. Kg3 Qd5 39. f4 Qf5 40. Kf3 b3
41. Ke3 b2 42. Kd4 b1=Q 43. Ke3 Qfd3+ 44. Kf2 Qbf1# 0-1

[Event "Let's Play Chess!"]
[Site "http://www.queenalice.com/game.php?id=1109568"]
[Date "2012.10.5"]
[Round "-"]
[White "charles31"]
[Black "emp_com"]
[Result "0-1"]
[WhiteElo "1746"]
[BlackElo "1617"]

1. e4 c5 2. d4 cxd4 3. Qxd4 Nc6 4. Qd1 Nf6 5. Nf3 Nxe4 6. Bd3 d5 7. Qe2 Bg4 8.
h3 Nd4 9. hxg4 Nxe2 10. Kxe2 Nd6 11. Nc3 e6 12. Re1 Be7 13. Kf1 O-O 14. Be3 Bf6
15. g5 Bxc3 16. bxc3 Ne4 17. Rad1 Nxc3 18. Ra1 f6 19. Bd2 Ne4 20. Bxe4 dxe4 21.
Rxe4 Qc7 22. c4 Qc6 23. Rae1 e5 24. gxf6 gxf6 25. Bh6 f5 26. Rxe5 Qxh6 27. Re6
Qh5 28. R1e3 Rae8 29. Re7 Rxe7 30. Rxe7 Qh1+ 31. Ng1 Rd8 32. Re1 Rd2 33. a4 Qh4
34. g3 Qxc4+ 35. Kg2 Qxa4 36. Nf3 Qc6 37. Re5 b5 38. Rxf5 Rxf2+ 39. Kxf2 Qc2+
0-1

[Event "Challenge"]
[Site "http://www.queenalice.com/game.php?id=1113666"]
[Date "2012.10.18"]
[Round "-"]
[White "jdimas"]
[Black "emp_com"]
[Result "0-1"]
[WhiteElo "1253"]
[BlackElo "1638"]

1. a4 e5 2. e3 d5 3. c4 Nf6 4. Qf3 e4 5. Qd1 Bb4 6. a5 c6 7. cxd5 Nxd5 8. Qa4
O-O 9. Bc4 Qd6 10. Nc3 Bd7 11. Bxd5 cxd5 12. Qb3 Bc6 13. f3 Na6 14. fxe4 Nc5 15.
Qc2 dxe4 16. h4 Qg3+ 17. Kf1 Nd3 18. Qxd3 exd3 19. Nf3 Bxf3 20. gxf3 Qxf3+ 21.
Kg1 Bd6 22. Nb5 Bg3 23. Rh2 Qe2 24. Rg2 Qe1# 0-1

[Event "Challenge"]
[Site "http://www.queenalice.com/game.php?id=1114839"]
[Date "2012.10.22"]
[Round "-"]
[White "emp_com"]
[Black "charles31"]
[Result "1-0"]
[WhiteElo "1640"]
[BlackElo "1689"]

1. c4 e5 2. Nc3 Nf6 3. d3 Bb4 4. Bd2 a6 5. Nf3 h6 6. Nxe5 d6 7. Qa4+ Kf8 8. Nxf7
Kxf7 9. Qxb4 Nc6 10. Qa4 Bd7 11. Qd1 Bg4 12. h3 Bh5 13. Qa4 Qe7 14. g4 Bg6 15.
Nd5 Nd4 16. Nxe7 Kxe7 17. Bc3 Nc6 18. e3 Rhg8 19. Bxf6+ Kxf6 20. O-O-O Be8 21.
Qb3 b6 22. Bg2 Rb8 23. Qc3+ Ke7 24. Bd5 Ne5 25. Bxg8 Bg6 26. Bd5 c6 27. Bxc6
Nxc6 28. Qxg7+ Bf7 29. Qxh6 Rc8 30. f4 Nb4 31. a3 Nc6 32. g5 Na5 33. Qf6+ 1-0

[Event "Challenge"]
[Site "http://www.queenalice.com/game.php?id=1116666"]
[Date "2012.10.28"]
[Round "-"]
[White "lincolnmarley"]
[Black "emp_com"]
[Result "0-1"]
[WhiteElo "1782"]
[BlackElo "1658"]

1. e4 c5 2. Nf3 d6 3. d4 cxd4 4. Nxd4 e5 5. Nb5 a6 6. N5c3 Be6 7. Be2 Nc6 8. O-O
Nf6 9. Be3 d5 10. exd5 Nxd5 11. Nxd5 Bxd5 12. Nc3 Be6 13. Qxd8+ Rxd8 14. Rad1
Rxd1 15. Rxd1 Be7 16. Nd5 Bd6 17. c4 Nd4 18. Bxd4 exd4 19. Rxd4 Be5 20. Rd2 O-O
21. b3 Kh8 22. Nb4 Bc3 0-1

[Event "Challenge"]
[Site "http://www.queenalice.com/game.php?id=1157231"]
[Date "2013.3.3"]
[Round "-"]
[White "zmanomega"]
[Black "emp_com"]
[Result "0-1"]
[WhiteElo "1590"]
[BlackElo "1685"]

1. d4 d5 2. c3 Nf6 3. f3 e6 4. Bg5 c5 5. Bxf6 Qxf6 6. e3 Bd6 7. Bb5+ Nd7 8. g3
a6 9. Ba4 b5 10. Bc2 e5 11. dxe5 Qxe5 12. Qe2 Qe7 13. Bf5 Ne5 14. Bxc8 Rxc8 15.
f4 Nc4 16. Nf3 Nxe3 17. Kf2 Ng4+ 18. Ke1 O-O 19. Qxe7 Bxe7 20. Nbd2 Rfe8 21. Ne5
Nxe5 22. fxe5 Bf6 23. Kd1 Rxe5 24. a4 c4 25. axb5 axb5 26. Ra5 d4 27. cxd4 Rd5
28. Nf3 Bxd4 29. Nxd4 Rxd4+ 30. Kc2 b4 31. Rha1 g6 32. Rb5 c3 33. bxc3 Rxc3+ 34.
Kb2 Rd2+ 35. Kb1 Rb3+ 36. Kc1 Rxh2 37. Ra8+ Kg7 38. Rbb8 Rxg3 39. Rg8+ Kh6 0-1

[Event "OS INCLIVEIS"]
[Site "http://www.queenalice.com/game.php?id=1164313"]
[Date "2013.3.24"]
[Round "-"]
[White "adelio"]
[Black "emp_com"]
[Result "1-0"]
[WhiteElo "1663"]
[BlackElo "1697"]

1. d4 Nf6 2. c4 e6 3. a3 b6 4. Nc3 c6 5. e4 d6 6. g4 d5 7. Bg5 h6 8. Bxf6 Qxf6
9. e5 Qh4 10. Qf3 dxc4 11. Bxc4 a6 12. Rc1 f6 13. Ne4 fxe5 14. dxe5 b5 15. Ba2
c5 16. Nxc5 Bxc5 17. Rxc5 Nd7 18. Qxa8 1-0

[Event "OS INCLIVEIS"]
[Site "http://www.queenalice.com/game.php?id=1191265"]
[Date "2013.6.15"]
[Round "-"]
[White "adelio"]
[Black "emp_com"]
[Result "0-1"]
[WhiteElo "1781"]
[BlackElo "1682"]

1. d4 Nf6 2. c4 d5 3. Nf3 e6 4. Ne5 c5 5. Nxf7 Kxf7 6. Bg5 Nc6 7. e3 Qb6 8. Bxf6
Qxb2 9. Nd2 Kxf6 10. Bd3 Nb4 11. Qf3+ Ke7 12. O-O Nxd3 13. Nb3 dxc4 14. Nxc5
Nxc5 15. dxc5 Kd7 16. Qf7+ Kc6 17. Rfd1 Qf6 18. Qe8+ Kxc5 19. Qh5+ Qf5 20. Qe2
b5 21. e4 Qe5 22. Qe3+ Kc6 23. Rd8 Qxa1+ 24. Qc1 Qxc1+ 25. Rd1 Qxd1# 0-1

[Event "OS INCLIVEIS"]
[Site "http://www.queenalice.com/game.php?id=1196242"]
[Date "2013.7.2"]
[Round "-"]
[White "adelio"]
[Black "emp_com"]
[Result "0-1"]
[WhiteElo "1743"]
[BlackElo "1704"]

1. f4 d5 2. Nf3 e6 3. d4 c5 4. h4 h5 5. a3 c4 6. Ra2 f6 7. b4 cxb3 8. cxb3 a6 9.
e3 Nc6 10. b4 Bd7 11. Be2 Bd6 12. g4 hxg4 13. Ng1 Nh6 14. Bxg4 Nxg4 15. Qxg4 g5
16. h5 e5 17. f5 exd4 18. Qxd4 Nxd4 19. exd4 Bxf5 20. Nc3 Rc8 21. Re2+ Kf7 22.
Bb2 Re8 23. h6 Bg4 24. Rxe8 Bg3+ 25. Kf1 Qxe8 26. Nce2 Bh4 27. Rh2 Rc2 28. Bc1
Qb5 29. Be3 Qd3 30. Rxh4 gxh4 31. Bf2 Bxe2+ 32. Nxe2 Qxe2+ 33. Kg1 Qxf2+ 34. Kh1
Rc1# 0-1